ARRUPE JESUIT UNIVERSITY

CORONAVIRUS -STOP THE SPREAD - CLEAN,DISINFECT,COVER

Dewey's logical theory (Record no. 130973)

MARC details
000 -LEADER
fixed length control field 00501nam a22001337a 4500
008 - FIXED-LENGTH DATA ELEMENTS--GENERAL INFORMATION
fixed length control field 211026b ||||| |||| 00| 0 eng d
020 ## - INTERNATIONAL STANDARD BOOK NUMBER
International Standard Book Number 0826513948
050 ## - LIBRARY OF CONGRESS CALL NUMBER
Classification number B945.D44 D496 2002
245 ## - TITLE STATEMENT
Title Dewey's logical theory
Remainder of title new studies and interpretations
Statement of responsibility, etc /edited by Thomas, Burke F. , Hester, Michael D. and Talisse, Robert B.
260 ## - PUBLICATION, DISTRIBUTION, ETC. (IMPRINT)
Place of publication, distribution, etc Nashville:
Name of publisher, distributor, etc Vanderbilt University Press,
Date of publication, distribution, etc c2002
300 ## - PHYSICAL DESCRIPTION
Extent xxiv. 318p.;
Dimensions 24cm.
600 ## - SUBJECT ADDED ENTRY--PERSONAL NAME
Personal name Dewey, John
Dates associated with a name 1859-1952
Title of a work Logic
9 (RLIN) 50813
942 ## - ADDED ENTRY ELEMENTS (KOHA)
Source of classification or shelving scheme Library of Congress Classification
Item type Monograph ( Printed materials)
Holdings
Withdrawn status Lost status Source of classification or shelving scheme Damaged status Not for loan Collection code Home library Current library Shelving location Date acquired Total Checkouts Full call number Barcode Date last seen Copy number Price effective from Koha item type
    Library of Congress Classification     Main Collection ARRUPE LIBRARY ARRUPE LIBRARY Main Collection 26/10/2021   B945.D44D496 2002 46600008005 26/10/2021 1 26/10/2021 Monograph ( Printed materials)

 

Arrupe Library. PO Box MP320 Mt Pleasant, Harare, Zimbabwe
263 242 745411|librarian@aju.ac.zw